000 00652nam a2200181 4500
001 140023
003 ES-MaACL
005 20230906195957.0
007 t|
008 070214s1943 sp r ||||1| spa d
100 1 _aSchmitt, Carl.
_9104517
245 1 0 _aCambio de estructura del Derecho Internacional
_b: conferencia /
_cdada por el profesor de la Universidad de Berlín Dr. Carl Schmitt.
260 _aMadrid :
_b[s. n.],
_c1943 (
_fS. Aguirre)
300 _a36 p. ;
_c24 cm.
500 _aPrecede al tít.: Instituto de Estudios Políticos.
710 2 _aInstituto de Estudios Políticos (Madrid)
_94924
852 _aES-MaACL
_j1842-F-17
_bR.19924
999 _c140023
_d140023